World Famous Valleys by Images - Statistics

General Stats
  • This quiz has been taken 9 times
  • The average score is 1 of 16
Answer Stats
Picture Answer % Correct
Yosemite
88%
Lauterbrunnen
38%
Barun
0%
Benasque
0%
Douro
0%
Geysers
0%
Haa
0%
Harau
0%
Jiuzhaigou
0%
Kalalau
0%
Lotschental
0%
Nubra
0%
Romsdalen
0%
Siurana
0%
Ten Peaks
0%
Waipio
0%
No matching quizzes found
Score Distribution
Percent of People with Each Score
Percentile by Number Answered
Your Score History
You have not taken this quiz